Stem cells and cloning advances and applications.

Detalles Bibliográficos
Formato: Electrónico Revista
Lenguaje:inglés
Publicado: [Auckland, N.Z.] : Dove Medical Press
Materias:
Acceso en línea:Full text available from Research Library: 01/01/2008 to present

MARC

LEADER 00000nas a2200000 a 4500
001 ssj0000392972
003 WaSeSS
005 20200512172242.0
006 m d
007 cr n
008 090507c20089999nz x p s 0 a0eng c
010 |a  2011237250 
016 7 |a 101535817  |2 DNLM 
022 |a 1178-6957  |l 1178-6957 
035 |a (WaSeSS)ssj0000392972 
040 |a NZ1  |b eng  |c NZ1  |d OCLCQ  |d TJC  |d NLM  |d CUS  |d OCLCQ  |d OCLCF  |d EUW  |d OCLCQ  |d OCLCA  |d WaSeSS 
042 |a pcc 
050 1 4 |a QH588.S83 
060 1 0 |a W1 
082 0 4 |a 616.0277405  |2 22 
210 1 |a Stem cells cloning 
210 1 0 |a Stem Cells Cloning  |2 dnlm 
222 0 |a Stem cells and cloning 
245 0 0 |a Stem cells and cloning  |h [electronic resource] :  |b advances and applications. 
260 |a [Auckland, N.Z.] :  |b Dove Medical Press 
310 |a Irregular 
362 1 |a Began with v. 1 (2008). 
500 |a Archived by the National Library of New Zealand. 
500 |a Hypertext links contained in the archived instances of this title are non-functional.  |5 Nz 
506 |a License restrictions may limit access. 
515 |a Articles added irregularly during the year and collected into annual issues. 
588 |a Description based : Vol. 1 (2008); title from journal home page (publisher's Web site, viewed May 20, 2009). 
588 |a Latest issue consulted: 2011:4 (viewed Oct. 5, 2011). 
650 0 |a Stem cells  |v Periodicals. 
650 0 |a Cloning  |v Periodicals. 
650 7 |a Cloning.  |2 fast  |0 (OCoLC)fst00864579 
650 7 |a Stem cells.  |2 fast  |0 (OCoLC)fst01132975 
650 1 2 |a Stem Cells. 
650 2 2 |a Cloning, Organism. 
650 2 2 |a Cloning, Molecular. 
650 2 2 |a Biotechnology. 
655 0 |a Electronic journals. 
856 4 0 |z Full text available from Research Library: 01/01/2008 to present  |u https://search.proquest.com/publication/3933275